000 00525nam a2200181Ia 4500
001 7683
005 20260306160513.0
008 260306t2013||||xx |||||||||||||| ||spa||
041 _aESP
082 _a354.328
_bO65A
100 _aOrganismo de Evaluación y Fiscalización Ambiental
_eAUT
245 0 _aReglamento de supervisión directa del Organismo de Evaluación y Fiscalización Ambiental - OEFA
260 _c2013
300 _a48 páginas :
_c20 cm.
650 _aGEN
654 _aCIA
942 _cLIB
_dJUS
_fJUS
_2ddc
_n
999 _c7683
_d7683